Aspectos teóricos de la función de producción
Bewaard in:
| Hoofdauteurs: | , |
|---|---|
| Coauteur: | |
| Formaat: | Boek |
| Taal: | Spaans |
| Gepubliceerd in: |
Santiago
Pontificia Universidad Católica de Chile
1972
|
| Reeks: | Trabajos docentes. Pontificia Universidad Católica de Chile, Instituto de Economía, 6
|
| Onderwerpen: | |
| Tags: |
Voeg label toe
Geen labels, Wees de eerste die dit record labelt!
|
MARC
| LEADER | 00000nam a2200000 a 4500 | ||
|---|---|---|---|
| 001 | UCX2016 | ||
| 003 | CL-VaPUC | ||
| 008 | 901220e19720000CL |||||||||||||||||spa|d | ||
| 082 | 0 | 4 | |a 338.521 |b MEL |2 21 |
| 100 | |a Meller Bock, Patricio |e autor |9 603136 | ||
| 700 | 0 | |a Piñéra Echeñique, Sebastián |e author |9 317784 | |
| 110 | 2 | |a Pontificia Universidad Católica de Chile. Instituto de Economía |e author |9 317785 | |
| 245 | 1 | 0 | |a Aspectos teóricos de la función de producción |
| 300 | |a 44 p | ||
| 942 | |c BK | ||
| 945 | |d 19901220 00:00:00 | ||
| 260 | |a Santiago |b Pontificia Universidad Católica de Chile |c 1972 | ||
| 650 | 7 | |a PRODUCCION TEORIA ECONOMICA |2 CL-VaPUC |9 317786 | |
| 650 | 0 | |a Microeconomía |9 258126 | |
| 583 | |a last modification |c 19901220 00:00:00 |k Rodrigo Vera | ||
| 490 | 0 | |a Trabajos docentes. Pontificia Universidad Católica de Chile, Instituto de Economía, 6 | |
| 999 | |c 223127 |d 223125 | ||
| 952 | |0 0 |1 0 |4 0 |6 338_521000000000000_MEL_1972 |7 0 |8 A |9 218627 |a BIBENE |b BIBENE |d 2019-11-15 |i 2874288 |o 338.521 MEL 1972 |p 2874288 |r 2025-01-15 |w 2019-11-15 |y BK |k ICO | ||
| 952 | |0 0 |1 0 |4 0 |6 338_521000000000000_MEL_1972 |7 0 |8 A |9 218628 |a BIBENE |b BIBENE |d 2019-11-15 |i 1998714 |o 338.521 MEL 1972 |p 1998714 |r 2025-01-15 |w 2019-11-15 |y BK |k ICO | ||